| 000 | 00653nam a2200193 a 4500 | ||
|---|---|---|---|
| 001 | 000035954 | ||
| 005 | 20240305102114.0 | ||
| 008 | 111121s1982 dr 000 0 spa d | ||
| 040 |
_aDO-SdBNP _bspa _cBNPHU |
||
| 100 | 1 |
_aVillamil, Armando _961981 |
|
| 245 | 1 | 0 |
_aDanzas pre-clasicas : _bBailes de salón del siglo XIX / _cArmando Villamil, Fradique Lizardo. |
| 260 |
_aSanto Domingo : _bServicios Gráficos Diversos, _c1982. |
||
| 300 |
_a193 p. : _bil., mús. ; _c23 cm. |
||
| 490 | 1 |
_aPublicaciones _v5 |
|
| 504 | _aBibliografía : p. 192 -193 | ||
| 700 | 1 |
_aLizardo, Fradique, _d1930-1997 _962027 |
|
| 830 | 0 |
_aPublicaciones _v5 _97786 |
|
| 049 | _aBNPD | ||
| 999 |
_c35445 _d35445 |
||